000 01648cam a22001934a 4500
005 20250605164121.0
008 250528s ||||||||||||||||||||||||d
035 _a18293
020 _a9603312185
040 _aGR-AtMCL
_bgre
_dGR-AtMCL
_eAACR2
245 1 _aΤεχνική Μηχανική και Αντοχή Υλικών / Θεωρία - Εφαρμογές - Ασκήσεις: Στατική - Δυναμική - Αντοχή Υλικών
260 _bΊων,
_c1999
300 _a320
520 _aΣτατική, Βασικές Αρχές της Στατιστικής, Συστήματα Κεντρικών Δυνάμεων, Το Γενικό Σύστημα Δυνάμεων, Περιστροφή των Σωμάτων, Δικτυώματα, Τριβή, Δυναμική, Οι Αρχές της Δυναμικής, Η Επαλληλία των Κινήσεων, Δύναμη και Μάζα, Έργο και Ισχύς και Συντελεστής Απόδοσης, Περιστροφική Κίνηση, Μετάδοση Κίνησης, Μετατροπή της Περιστροφικής σε Μεταφορική Κίνηση και Αντίστροφα, Ταλαντώσεις, Αντοχή των Υλικών, Βασικές Αρχές της Θεωρίας Αντοχής της Ύλης, Οι Στοιχειώδεις Στατικές Επιβαρύνσεις, Η Παραμόρφωση των Υλικών, Κάμψη, Στρέψη, Λυγισμός, Σύνθετες Επιβαρύνσεις, Δυναμική Επιβάρυνση.
700 1 _aVon Horst Herr
_94569
942 _cBK
999 _c3659
_d3659